| 000 | 00941nam a2200229Ii 4500 | ||
|---|---|---|---|
| 003 | JO-AjNU | ||
| 008 | 230605s9999||||xx |||||||||||||| ||und|| | ||
| 017 | _a81/1598 | ||
| 020 | _a977-7341-20-2 | ||
| 040 |
_aJO-AjNU _bara _erda _cJO-AjNU |
||
| 041 | _aara | ||
| 050 | 1 | 4 | _aPJ6065.Q85 1997 |
| 100 | 3 |
_aتاليف قورة، حسين سليمان, _eauthor _99796 |
|
| 245 | 0 | 0 | _aنشأة اللغة العربية وتطورها: البحوث الخاصة في القراءة,الكتابة,والتعبير,الأدب,والنقد,والبلاغة:الوسائل التعليمية وتدريس اللغة العربية |
| 250 | _aط3 | ||
| 264 | 3 | 1 | _aالقاهرة: مكتبة نهضة مصر، 1997 |
| 300 | _a503ص | ||
| 336 |
_atext _btxt _2rdacontent |
||
| 337 |
_aunmediated _bn _2rdamedia |
||
| 338 |
_avolume _bnc _2rdacarrier |
||
| 650 | 4 |
_aاللغة العربية-اللغة-اللغة العربية وتطورها _99797 |
|
| 999 |
_aA1482 _c5050 _d5050 |
||